Which do you Prefer - Footballers - Statistics

General Stats
  • This quiz has been taken 56 times
  • The average score is 8 of 15
Answer Stats
Question Answer % Correct
Cruyff or Di Stefano?
86%
Ramos or Pique?
76%
Haaland or Mbappe?
76%
Gerrard or Lampard?
57%
Rooney or Kane?
57%
Pele or Maradona?
57%
Bale or Hazard?
52%
Vinicius or Dembele?
48%
Modric or Iniesta?
48%
Neymar or Ronaldinho
43%
Neuer or Buffon?
38%
Van Persie or Robben?
33%
Eto'o or Drogba?
29%
And of course, Messi or Ronaldo?
29%
Suarez or Lewandowski?
24%
No matching quizzes found
Score Distribution
Percent of People with Each Score
Percentile by Number Answered
Your Score History
You have not taken this quiz